• 首页
  • 本馆介绍
  • 公告通知
  • 最新文献
  • 馆藏检索
  • 电子资源
  • 读者导购
  • 参考咨询
  • 我的图书馆
  • 登录
  • 详细信息显示
  • 放入我的书架
  • 预约/预借图书
  • 作者相关作品
  • 分类相关作品
  • 丛书相关作品
  • 出版社相关作品

书目信息

  • 表格格式
  • 工作单格式
  • 卡片格式
题名:
晶体管问答
    
 
作者: 布朗 著 ;柯朴 , 方锦 编译
分册:  
出版信息: 北京   科学普及出版社  1984
页数: 92页
开本: 19cm
丛书名: 工业技术知识小丛书
单 册:
中图分类: TN32
科图分类:
主题词: 晶体管--问答
电子资源:
ISBN:
000 00758nam2 2200277 45
001 0184016444
005 20060426104318.59
010    @dCNY0.31
091    @a15051.1095
100    @a19950623d1984 em y0chiy0121 ea
101 1  @achi@ceng
102    @aCN@b110000
105    @ay z 000yy
200 10 @a晶体管问答@Ajing ti guan wen da@f(英)布朗(C.Brown)著@g柯朴,方锦编译
210    @a北京@c科学普及出版社@d1984
215    @a92页@d19cm
225 2  @a工业技术知识小丛书
410  0 @120010@a工业技术知识小丛书
606    @a晶体管@x问答
690    @aTN32@v4
701  1 @a布朗@Abu lang@bC.@4著
702  0 @a柯朴@Ake po@4编译
702  0 @a方锦@Afang jin@4编译
801  2 @aCN@bNLC@c20060426
801  0 @aCN@b上海图书馆@c20040519
905    @dTN32@e11
    
    晶体管问答/(英)布朗(C.Brown)著/柯朴,方锦编译.-北京:科学普及出版社,1984
    92页;19cm.-(工业技术知识小丛书)
    
    
    ISBN :CNY0.31
    
●
相关链接 在E读中查询图书 在五车中查询图书 在当当中查询图书 在豆瓣中查询图书


正题名:晶体管问答     索取号:TN32/11         预约/预借

序号 登录号 条形码 馆藏地/架位号 状态 备注
1 0111820   001351851   密集书库/ [索取号:TN32/11] 在馆    
2 0111821   001351897   第三借阅区/ [索取号:TN32/11] 在馆    
3 0111822   202290270   密集书库/ [索取号:TN32/11] 在馆    
4 0111823   001351931   密集书库/ [索取号:TN32/11] 在馆    
5 0111824   202290305   密集书库/ [索取号:TN32/11] 在馆    
6 0111825   001351815   密集书库/ [索取号:TN32/11] 在馆    
7 0111826   001351977   第三借阅区/ [索取号:TN32/11] 在馆    
8 0111827   202290261   密集书库/ [索取号:TN32/11] 在馆    
唐山师范学院图书馆 欢迎您!
大连网信软件有限公司© 版权所有